APPLIED ERGONOMIC METHODOLOGY FOR CURRENT ENGINEERING PRACTICE

Bibliographic Details
Main Author: Fiserova, Svetla (Author)
Format: Article
Language:English

MARC

LEADER 00000nab a2200000ua 4500
001 vtls010859246
003 SK-MaSNL
005 20260303135532.0
008 230218s2011 xo |||||||||||||||||eng|
035 |a (urnnbn)urn:nbn:sk:snk:ar-a082rc 
035 |a urn:nbn:sk:snk-ab6hov 
035 |a (uuid)b9c5b2f7-ec82-4fe2-8e98-5bd85f8e841c 
040 |a SNKBUCL  |b slo  |c SNKBUCL  |e AACR2 
041 0 |a eng 
044 |a xo  |c SK 
100 1 |a Fiserova, Svetla  |4 aut  |9 743130 
245 1 0 |a APPLIED ERGONOMIC METHODOLOGY FOR CURRENT ENGINEERING PRACTICE  |c Svetla Fiserova 
773 0 |t Komunikácie : vedecké listy Žilinskej univerzity  |g Roč. 13, č. 2 (2011), s. 123-128 
958 |a OND 
958 |a EUIPO 
958 |a article5 
999 |c 1966421  |d 1968351